000 00966nam a2200253Ia 4500
003 OSt
005 20220923215421.0
006 a|||||r|||| 00| 0
007 ta
008 220922b |||||||| |||| 00| 0 hin d
024 _a178,566
037 _cTextual
040 _aARTS
_cARTS
_bhin
041 _2hin
_ahin
082 _aO152,1M81:g, M5
100 _aचतुर्वेदी, नंदा, संपा.
245 0 _aगिरिधर शर्मा नवरत्न व्यक्तित्व और कृतित्व
246 _aGiridhar sharmā navaratna vyaktitva aur kṛutitva
260 _aउदयपुर
_b राजस्थान साहित्य अकादमी
_c1985
300 _a207 पृ.
_ccm.
650 _aहिन्दी साहित्य
_9156264
942 _hO152,1M81:g, M5
_cTEXL
_2CC
999 _c331948
_d331948